| 000 | 00842nam0a22002651 4500 | ||
|---|---|---|---|
| 001 | rc\2775656 | ||
| 005 | 20250806204743.0 | ||
| 035 | _a(NLR Aleph) 006901946 | ||
| 090 |
_a21948 _c21948 |
||
| 100 | _a20110915d1941 u y0rusy50 ca | ||
| 101 | 0 | _arus | |
| 102 | _aRU | ||
| 105 | _ay z ||||| | ||
| 200 | 1 |
_aЗа родину! _eЭстрадный сборник _fСост.: А. Ф. Кашников и С. Н. Николаев |
|
| 210 |
_aЙошкар-Ола _cМарийское гос. изд-во _d1941 |
||
| 215 |
_a92 с. _d22 см. |
||
| 700 | 1 |
_aКашников _bА.Ф. |
|
| 701 | 1 |
_aНиколаев _bС.Н. |
|
| 801 | 0 |
_aRU _bNLR _gpsbo |
|
| 801 | 1 |
_aRU _bELAR _2rusmarc |
|
| 852 |
_aNLR _jЛ30 Г-6/26 |
||
| 942 | _cBOOK | ||
| 945 | _aРоссийская национальная библиотека | ||
| 980 | _aNB | ||
| 980 | _aBV | ||